Sabrina Carpenter - emails i can't send - Statistics

General Stats
  • This quiz has been taken 97 times
  • The average score is 12 of 17
Answer Stats
2022 emails i can't send % Correct
1 emails i can't send
97%
15 Feather
86%
5 because i liked a boy
81%
9 Nonsense
81%
4 Tornado Warnings
80%
10 Fast Times
74%
11 skinny dipping
72%
2 Vicious
72%
3 Read your Mind
71%
13 decode
70%
14 opposite
68%
12 Bad for Business
65%
8 bet u wanna
65%
6 Already Over
62%
7 how many things
62%
17 things i wish you said
59%
16 Lonesome
55%
No matching quizzes found
Score Distribution
Percent of People with Each Score
Percentile by Number Answered
Your Score History
You have not taken this quiz